00284nam a2200121Ia 4500008004100000041000900041082001500050100002800065245002200093260003200115300000700147650000800154230718s9999 xx 000 0 und d aEng. a297bYAS-A aYaseen, Peof. Muhammad  2aA Glance at Islom aPakistanbWalay Stonsc2001 a86 aLaw